Представление документа в формате RUSMARC

ПолеНазваниеЗначение
  Тип записи i
  Библиографический уровень m
001 Контрольный номер RU/SLIB/B/226425350
005 Дата корректировки 20201206204458.1
010 Индекс ISBN __
d Цена 224-00
101 Язык документа __
a Язык текста rus
c Язык оригинала fre
200 Заглавие и сведения об ответственности 1_
a Заглавие Дети капитана Гранта
e Сведения, относящиеся к заглавию [аудиокнига : роман]
f Первые сведения об ответственности Жюль Верн ; читает А. Прохода ; звукорежиссер Д. Курдеев
b Общее обозначение материала Звукозапись
210 Выходные данные __
a Место издания М.
c Издательство Говорящая кн.
d Дата издания 2006
215 Физическое описание __
a Объем 2 электрон. опт. диска (Audio CD) (21 ч. 47 мин.)
225 Серия __
a Серия Романтика приключений и путешествий
225 Серия __
a Серия 3 в 1! : Звук, Текст, Визуал - слушай, смотри, читай!
225 Серия __
a Серия Золотой архив звукозаписи
300 Общие примечания __
a Общие примечания CD-плеер с поддержкой MP3 ; Pentium-233 ; Windows 98-XP ; CD-ROM ; AudioCD ; звуковая карта
a Общие примечания Говорящие кн. - информ.-реабилитац. изд., рек. для людей, не имеющих возможности читать
a Общие примечания Спасено и восстановлено в 2006 г.
323 Примечание о главных создателях, исполнителях, участниках __
a Примечание о главных создателях, исполнителях, участниках Прохода А. (читает)
330 Аннотация __
a Аннотация Корабль капитана Гранта терпит крушение где-то в южном полушарии. Лорды адмиралтейства в Лондоне отказывается послать экспедицию на поиски Гранта. Его соотечественник Гленарван снаряжает судно "Дункан" и вместе с детьми капитана отправляется в кругосветное плавание в поисках Гранта.
333 Примечание о целевом назначении __
a Примечание о целевом назначении 12+. Для детей старше 12 лет
606 Тематические рубрики __
a Основная рубрика Литература Европы (произведения)
a Основная рубрика Художественная литература
z Хронологическая подрубрика 19 в.
y Географическая подрубрика Франция
610 Ключевые слова __
a Ключевые слова французская литература; зарубежная литература; тема приключений; тема семьи; тема любви; тема дружбы
686 Индексы других классификаций __
a Классификационный индекс ст84(4Фра)-4я0
700 Автор _1
a Фамилия Верн
b Имя Ж.
g Полное личное имя Жюль
4 Код отношения 070
702 Вторичная интеллектуальная ответственность _1
a Фамилия Курдеев
b Имя Д.
4 Код отношения Звукорежиссер
4 Код отношения 570
801 Источник записи _0
a Страна RU
b Организация Муниципальное бюджетное учреждение культуры "Централизованная библиотечная система" г. Сургут (Центральная городская библиотека им. А. С. Пушкина)
g Правила каталогизации КиК/Поспелова
801 Источник записи _1
a Страна RU
b Организация Муниципальное бюджетное учреждение культуры "Централизованная библиотечная система" г. Сургут (Центральная городская библиотека им. А. С. Пушкина)
g Правила каталогизации КиК/Поспелова
852 Данные о местонахождении __
j Шифр хранения ст84(4Фра)-4я0
c Каталожный индекс ст84(4Фра)-4я04
i Авторский знак В 35
901 Тип документа __
t Тип документа 0
903 Характеристики (МАРС) __
a Дата передачи 20070309
969 Тип издания __
a Тип издания аудиокнига
990 Данные о заказе (DOS) __
j Количество экземпляров (DOS) 3
h N записи в КСУ для Б/У (DOS) 200703